| 000 | 00000nam 2200000zi 4500 |
| 001 | 9.904475 |
| 003 | CaOODSP |
| 005 | 20221107180547 |
| 006 | m o d f |
| 007 | cr cn||||||||| |
| 008 | 211028t20212021oncb ob f000 0 fre d |
| 040 | |aCaOODSP|bfre|erda|cCaOODSP |
| 043 | |an-cn--- |
| 086 | 1 |aP29-003-511-2021F-PDF |
| 245 | 00|aEssence automobile oxygénée contenant de l'éthanol (E1-E10 et E11-E15). |
| 264 | 1|aOttawa (Ontario) : |bOffice des normes générales du Canada : |bConseil canadien des normes, |c2021. |
| 264 | 4|c©2021 |
| 300 | |a1 ressource en ligne (i, 35 pages) : |bcartes. |
| 336 | |atexte|btxt|2rdacontent/fre |
| 337 | |ainformatique|bc|2rdamedia/fre |
| 338 | |aressource en ligne|bcr|2rdacarrier/fre |
| 490 | 1 |aNorme nationale du Canada ; |vCAN/CGSB-3.511-2021 |
| 500 | |a« Publiée, octobre 2021. » |
| 500 | |a« Expérience et excellence » -- Couverture. |
| 500 | |a« Remplace CAN/CGSB-3.511-2016 et le modificatif no 2, juillet 2018. » |
| 500 | |aPublié aussi en anglais sous le titre : Oxygenated automotive gasoline containing ethanol (E1-E10 and E11-E15). |
| 504 | |aComprend des références bibliographiques (pages 27-28). |
| 520 | |a« La présente Norme nationale du Canada s’applique à deux types d’essence oxygénée, E1-E10 (type A) et E11-E15 (type B), sans plomb ni phosphore dont l’oxygène est apporté principalement par l’éthanol. Ces types d’essence sont destinés à être utilisés dans les moteurs à allumage commandé sous diverses conditions climatiques. Chaque type peut être fourni dans l’une des quatre qualités d’essence différentes, selon leur indice antidétonant (indice d’octane). L’essence oxygénée de type B décrite dans cette norme est destinée à être utilisée dans les véhicules automobiles qui sont compatibles avec l’essence oxygénée contenant jusqu’à 15 % d’éthanol par volume » -- Objet, page 1. |
| 650 | 6|aEssence oxygénée|xNormes|zCanada. |
| 650 | 6|aÉthanol (Combustible)|xNormes|zCanada. |
| 710 | 2 |aOffice des normes générales du Canada, |eorganisme de publication. |
| 710 | 2 |aConseil canadien des normes, |eorganisme de publication. |
| 775 | 08|tOxygenated automotive gasoline containing ethanol (E1-E10 and E11-E15).|w(CaOODSP)9.904474 |
| 794 | |tEssence automobile oxygénée contenant de l'éthanol (E1-E10 et E11-E15).|bModificatif no. 1, septembre 2022|w(CaOODSP)9.915669 |
| 795 | |tEssence automobile oxygénée contenant de l'éthanol (E1-E10 et E11-E15) |b2018|w(CaOODSP)9.859777 |
| 830 | #0|aNorme nationale du Canada ;|vCAN/CGSB-3.511-2021.|w(CaOODSP)9.504227 |
| 856 | 40|qPDF|s3.12 Mo|uhttps://publications.gc.ca/collections/collection_2021/ongc-cgsb/P29-003-511-2021-fra.pdf |
| 986 | |aICS 75.160.20 |